Répliques célèbres de Molière - Statistiques

Statistiques générales
  • Ce quiz a été pris 1 036 fois
  • Le résultat moyen est 7 sur 20
Statistiques - réponses
Œuvre Réplique % Correct
Le Médecin malgré lui {L'habit} ne fait pas le moine
92%
L'Avare Il faut {manger} pour vivre et non pas vivre pour {manger}
78%
L'Avare L'argent est le {nerf} de la guerre
77%
L'Avare Quand il y a à manger pour huit, il y en a bien pour {dix}
70%
Le Tartuffe ou l'Imposteur Couvrez ce {sein} que je ne saurais voir
61%
Les Fourberies de Scapin Que diable allait-il faire dans cette {galère} ?
47%
L'Avare Ma {cassette} ! Ma {cassette} !
46%
Le Médecin malgré lui Vous dites que j'ai les {oreilles} grandes ? Que voulez-vous que j'y fasse ?
39%
Les Femmes savantes Qui veut noyer son chien l'accuse de {la} {rage}
34%
L'Avare Je me meurs ; je suis mort ; je suis {enterré} !
32%
Le Bourgeois gentilhomme {La} {vérité} vaut mieux qu'un mensonge
31%
Les Précieuses ridicules "Oh ! mon Dieu ! Que je suis {sotte} d'avoir laissé échapper une pareille sottise !"
27%
Le Malade imaginaire {Mourir} ? C'est bien la dernière chose que j'aurais faite
26%
Le Bourgeois gentilhomme Il n'est point de {secret} que le temps ne révèle
11%
Les Femmes savantes {Riez}, {riez}, c'est très bon pour la santé
7%
Le Misanthrope {La} {raison} n'est pas ce qui règle l'amour
4%
Les Fourberies de Scapin Il vaut mieux encore être {marié} qu’être mort
3%
L'École des femmes Votre sexe n’est là que pour la dépendance : Du côté de la {barbe} est la toute puissance
3%
Le Tartuffe ou l'Imposteur {Les} {langues} ont toujours du venin à répandre
2%
Le Malade imaginaire Un médecin n'est rien qu'un misérable qui a appris quatre ou cinq {phrases} {latines}
1%
Aucun quiz correspondant
Distribution des résultats
% des personnes avec chaque résultat
Percentile par nombre de réponses
Votre historique - résultats
Vous n’avez pas pris ce quiz